000 00953nam a2200349Ia 4500
001 1708
008 230305s2014 xx 000 0 und d
020 _a9780990346104
041 _aeng
245 4 _aThe best web marketing checklist, period!
260 _a
_bVelocitized Media,
_c2014
300 _axv + 223 ; 28 cm
650 _aWeb
_92550
650 _a Internet
_91135
650 0 _aInternet marketing
_91133
650 _a DiseƱo web
_98387
650 _a Logo
_92795
650 _a Arquitectura Contenido Ecommerce
_98388
650 _a Comercio Ventas
_98389
650 _a Formularios
_98390
650 _a Transacciones Optimización Posicionamiento
_98391
650 _a Email marketing
_98392
650 _a Blog
_91878
650 0 _aAdvertising
_92839
700 _adeGeyter, Stoney,
_eAuthor
_921311
902 _a101
905 _am
912 _a2014-01-01
942 _a1
953 _d2016-12-23 17:17:48
999 _c1663
_d1663